載入...

Solutions to MBA 4th semester

書目詳細資料
主要作者: Mann, Kamal; Mann; Puja
格式: Printed Book
出版: Vayu Education of India, Delhi 2010
主題:
LEADER 00575nam a2200193 4500
020 |c 150 
082 |a R 658 MAN.4 
100 |a Mann, Kamal; Mann; Puja 
245 |a Solutions to MBA 4th semester  |c Mann, Kamal; Mann; Puja 
250
260 |a Vayu Education of India, Delhi  |c 2010 
300 |a 254 p 
490
500
590 |a Modern Book Centre  |b MBC-0517/13 dtd 20 
650 |a Management 
942 |c BK 
999 |c 145602  |d 145602 
952 |0 0  |1 0  |4 0  |6 R_658_000000000000000_MAN_4  |7 0  |9 159062  |a IMK  |b IMK  |g 150.00  |l 0  |o R 658 MAN.4  |p IMK11964  |r 2019-10-25  |w 2019-10-25  |y BK